Who's Who in Malaysia 1982 & profile of Singapore

Bibliographic Details
Other Authors: Morais, J. Victor (Editor)
Format: Book
Language:English
Published: Kuala Lumpur : Who's Who publication Sdn. Bhd 1981
Subjects:

MARC

LEADER 00000cam a2200000 7i4500
001 0000007694
005 20241004.0
008 001223 my a o eng
040 |a INS   |b eng   |e rda 
090 0 0 |a CT1560   |b .W56 1981 
245 0 0 |a Who's Who in Malaysia 1982 & profile of Singapore   |c edited by J. Victor Morais 
264 1 |a Kuala Lumpur :   |b Who's Who publication Sdn. Bhd   |c 1981 
300 |a 148, 15 pages :   |b illustrations, photographs ;   |c 28 cm. 
336 |a text  |2 rdacontent 
337 |a unmediated  |2 rdamedia 
338 |a volume  |2 rdacarrier 
651 0 |a Malaysia   |x Biography 
700 1 |a Morais, J. Victor ,   |e editor 
999 |a 0000022459   |b BOOK   |c Open Shelf   |e Default branch